000 00781cam a2200205 4500
001 WB3639-28
008 000000n2000 000 0 eng u
035 _a(Sirsi) u108616
245 _aMoves to save town from collapsing into mine
260 _c2000
490 _aIndependent
_v30 September 2000, 13(1)
520 _aDescribes a £28m project which has been launched to prevent the Cheshire town of Northwich from collapsing into a 260ft mine. The potential calamity, which has had severe effects on the local property market, is the result of a long tradition of salt mining beneath the town.
590 _aWB
650 _aNORTHWICH
650 _aSALT WORKINGS
650 _aPROPERTY VALUES
650 _aSUBSIDENCE
690 _aMINING AND MINERALS
942 _n0
999 _c64842
_d64842